| 000 | 01368cam a2200313 i 4500 | ||
|---|---|---|---|
| 001 | 111932 | ||
| 005 | 20230410123921.0 | ||
| 008 | 130807b2009 mx a 000 0 spa | ||
| 020 | _a9786070204142 | ||
| 020 | _a607020414X | ||
| 041 | 0 | _aspa | |
| 050 | 1 | 4 |
_aLA 427 _bA924 2009 |
| 082 | 0 | 0 | _a378.7253 |
| 245 | 1 | 4 |
_aDel aula a la ciudad : _bestudios sobre la universidad y la sociedad en el México virreinal / _cEnrique González González, Mónica Hidalgo Pego, Adriana Álvarez Sánchez, coordinadores. |
| 260 |
_aMéxico, D.F. : _bUniversidad Nacional Autónoma de México, _bInstituto de Investigaciones sobre la Universidad y la Educación, _c2009. |
||
| 300 |
_a453 p. : _bil. ; _c23 cm. |
||
| 440 | 0 |
_aReal Universidad de México, estudios y textos ; _v24. |
|
| 504 | _aIncluye referencias bibliográficas e índices | ||
| 650 | 0 |
_aEducation, Higher Mexico _xHistory. |
|
| 610 | 1 | 0 |
_aUniversities and colleges _zMexico _xHistory. |
| 610 | 1 | 0 |
_aUniversidad Nacional Autónoma de México _xHistory. |
| 650 | 0 |
_aUniversities _xHigher education _zMexico _xColonial period. |
|
| 610 | 1 | 4 |
_aUniversidad Nacional Autónoma de México _xHistoria. |
| 650 | 4 | _aCiudades universitarias. | |
| 700 | 1 |
_aGonzález y González, Enrique _d1951-, _ecoord. |
|
| 700 | 1 |
_aHidalgo Pego, Mónica, _ecoord. |
|
| 700 | 1 |
_aÁlvarez Sánchez, Adriana, _ecoord. |
|
| 942 |
_2lcc _cbk |
||
| 999 |
_c68186 _d68186 |
||